Thinking : from association to Gestalt / (Record no. 125457)
[ view plain ]
| 000 -LEADER | |
|---|---|
| fixed length control field | 00633cam a22002051 4500 |
| 001 - CONTROL NUMBER | |
| control field | 10327190 |
| 003 - CONTROL NUMBER IDENTIFIER | |
| control field | BD-DhUL |
| 005 - DATE AND TIME OF LATEST TRANSACTION | |
| control field | 20240828111742.0 |
| 008 - FIXED-LENGTH DATA ELEMENTS--GENERAL INFORMATION | |
| fixed length control field | 720119s1964 nyua b 000 0 eng |
| 040 ## - CATALOGING SOURCE | |
| Original cataloging agency | DLC |
| Transcribing agency | ODaWU |
| Modifying agency | OCoLC |
| -- | DNLM |
| -- | Uk |
| -- | DLC |
| -- | BD-DhUL |
| 082 ## - DEWEY DECIMAL CLASSIFICATION NUMBER | |
| Classification number | 153 |
| Item number | MAT |
| 100 1# - MAIN ENTRY--PERSONAL NAME | |
| Personal name | Mandler, Jean Matter |
| 245 10 - TITLE STATEMENT | |
| Title | Thinking : from association to Gestalt / |
| Statement of responsibility, etc. | Jean Matter Mandler and George Mandler. |
| 260 ## - PUBLICATION, DISTRIBUTION, ETC. (IMPRINT) | |
| Place of publication, distribution, etc. | New York : |
| Name of publisher, distributor, etc. | Wiley, |
| Date of publication, distribution, etc. | 1964. |
| 300 ## - PHYSICAL DESCRIPTION | |
| Extent | x, 300 p. : |
| Dimensions | 22 cm. |
| Other physical details | ill. ; |
| 490 0# - SERIES STATEMENT | |
| Series statement | Perspectives in psychology |
| 650 #4 - SUBJECT ADDED ENTRY--TOPICAL TERM | |
| Topical term or geographic name as entry element | Thought and thinking. |
| 700 1# - ADDED ENTRY--PERSONAL NAME | |
| Personal name | Mandler, George, |
| Relator term | jt. aut. |
| 942 ## - ADDED ENTRY ELEMENTS (KOHA) | |
| Source of classification or shelving scheme | |
| Koha item type | Books |
| Price effective from | Date last seen | Permanent Location | Not for loan | Date acquired | Source of classification or shelving scheme | Koha item type | Lost status | Withdrawn status | Copy number | Source of acquisition | Collection code | Damaged status | Shelving location | Barcode | Current Location | Full call number |
|---|---|---|---|---|---|---|---|---|---|---|---|---|---|---|---|---|
| 2016-11-17 | 2016-11-17 | Dhaka University Library | 2016-11-17 | Books | 1 | Purchased | Non Fiction | General Stacks | A98186 | Dhaka University Library | 153 MAT |
